Państwa z przynajmniej trzema literami "A" - Statystyki

Ogólne statystyki
  • Ten quiz został rozwiązany 187 razy
    159 od ostatniego zresetowania
  • Średni wynik to 17 z 26
Statystyki odpowiedzi
Państwo % Poprawnych
Australia
88%
Wielka Brytania
82%
Arabia Saudyjska
81%
Kanada
78%
Nowa Zelandia
78%
Albania
72%
Demokratyczna Republika Konga
72%
Paragwaj
71%
Afganistan
69%
Madagaskar
68%
Kazachstan
67%
Panama
67%
Papua Nowa-Gwinea
67%
Gwatemala
66%
Szwajcaria
66%
Republika Środkowoafrykańska
64%
Jamajka
63%
Antigua i Barbuda
62%
Zjednoczone Emiraty Arabskie
62%
Tajlandia
60%
Macedonia Północna
59%
Nikaragua
58%
Wyspy Marshalla
56%
Mauretania
53%
Tanzania
50%
Wyspy Świętego Tomasza i Książęca
45%
Nie znaleziono quizów pasujących do podanych kryteriów
Rozkład punktacji
Procent ludzi z każdym wynikiem
Percentyl według liczby udzielonych odpowiedzi
Twoja historia wyników
Nie rozwiązałeś tego quizu od ostatniego zresetowania